Financial Behaviour of Households and its Effects on Financial Stability dizertačná práca
Guardado en:
| Autor principal: | |
|---|---|
| Autor Corporativo: | |
| Otros Autores: | |
| Formato: | Libro |
| Lenguaje: | inglés |
| Publicado: |
Bratislava
2024
|
| Materias: | |
| Etiquetas: |
Sin Etiquetas, Sea el primero en etiquetar este registro!
|
MARC
| LEADER | 00000nbm a2200000 4500 | ||
|---|---|---|---|
| 001 | 0304020 | ||
| 005 | 20241009133927.5 | ||
| 041 | 0 | |a eng | |
| 044 | |a SK | ||
| 245 | 1 | 0 | |a Financial Behaviour of Households and its Effects on Financial Stability |b dizertačná práca |c Erik Gogola ; školiteľ: Erika Pastoráková |
| 264 | 1 | |a Bratislava |c 2024 | |
| 300 | |a 131 s. | ||
| 610 | 2 | 0 | |a domácnosti |
| 610 | 2 | 0 | |a rozhodovanie finančné |
| 610 | 2 | 0 | |a rozpočet rodinný |
| 610 | 2 | 0 | |a správanie |
| 610 | 2 | 0 | |a dlhy |
| 610 | 2 | 0 | |a úver |
| 100 | 1 | |a Gogola, Erik, 1993- | |
| 700 | 1 | |a Pastoráková, Erika, 1972- | |
| 710 | 2 | |a Národohospodárska fakulta EU. Katedra poisťovníctva | |